000 00812nam a22002295i 4500
001 166779
003 ES-MaACL
005 20260204135831.0
008 990701s1902 sp |||| | spa d
080 _a821.134.2-31"19"
100 1 _aUnamuno, Miguel de,
_d1864-1936
_9111982
245 1 0 _aAmor y pedagogía /
_cMiguel de Unamuno.
260 _aBarcelona :
_bImp. de Henrich y Cª,
_c1902.
300 _a267 p. ;
_c21 cm.
490 1 _aBiblioteca de novelistas del siglo XX ;
_v1
530 _aDisponible en formato digital.
830 1 _aBiblioteca de novelistas del siglo XX ;
_v1
_9226431
852 _aES-MaACL
_jD-610
_zEncuadernación holandesa
_cSVI
856 4 _uhttp://bdh-rd.bne.es/viewer.vm?id=0000200835&page=1
_yBiblioteca Digital Hispánica
942 _2udc
999 _c166779
_d166779